000 00617nam a2200229Ia 4500
003 OSt
005 20220928140959.0
006 a|||||r|||| 00| 0
007 ta
008 220927b |||||||| |||| 00| 0 eng d
024 _a12664
037 _cTextual
040 _aSDCL
_cSDCL
_beng
041 _2eng
_aeng
082 _aX:8.43'N7, L4
100 _aNehrt Lee C
_9498335
245 0 _aManagerial policy strategy and planning for Southeast Asia
260 _c1974
700 _a Evans Gano S
_9498336
942 _hX:8.43'N7, L4
_cTEXL
_2CC
999 _c815073
_d815073